00397nmm a2200133Ia 4500008004100000020001800041041000800059100001900067245002000086264006500106300001800171650002300189856005100212251105s9999||||xx |||||||||||||||||und|| a9781558852310 aeng aJuárez, Tina 0aSouth wind come a[Washington, Estados Unidos] :bArte Público Press, c2017 a288 páginas aHistorical fiction uhttps://public.digitaliapublishing.com/a/47283